Banková sústava v SR jej vývoj a súčasný stav bakalárska práca

Saved in:
Bibliographic Details
Main Author: Bosá, Martina
Corporate Author: Fakulta hospodárskej informatiky EU. Katedra účtovníctva a audítorstva
Other Authors: Boušková, Dagmar
Format: Book
Language:Slovak
Published: Bratislava 2009
Tags: Add Tag
No Tags, Be the first to tag this record!

MARC

LEADER 00000nam$a2200000$$$4500
001 0096028
005 20240318134614.1
041 0 |a slo 
044 |a SK 
245 1 0 |a Banková sústava v SR jej vývoj a súčasný stav  |b bakalárska práca  |c Martina Bosá ; škol. Dagmar Boušková 
264 1 |a Bratislava  |c 2009 
300 |a 31 s. 
100 1 |a Bosá, Martina 
700 1 |a Boušková, Dagmar 
710 2 |a Fakulta hospodárskej informatiky EU. Katedra účtovníctva a audítorstva